Wszystkie Przystanki MPK w Dzielnicy IV Prądnik Biały - Statystyki

Ogólne statystyki
  • Ten quiz został rozwiązany 10 razy
  • Średni wynik to 52 z 83
Statystyki odpowiedzi
Odpowiedź % Poprawnych
Azory
100%
Batalionu ,,Skała'' AK
100%
Białoprądnicka
100%
Bobrzeckiej
100%
Bociana
100%
Bratysławska
100%
Chełmońskiego Osiedle
100%
Chełmońskiego Pętla
100%
Conrada
100%
Glogera
100%
Górka Narodowa P+R
100%
Imbramowska
100%
Krowoderskich Zuchów
100%
Krowodrza Górka P+R
100%
Kuźnicy Kołłątajowskiej
100%
Lekarska
100%
Łobzów SKA
100%
Mehoffera
100%
Opolska Kładka
100%
Pachońskiego P+R
100%
Papierni Prądnickich
100%
Pleszowska
100%
Prądnik Biały
100%
Prądnik Biały Zachód
100%
Radzikowskiego
100%
Rondo Ofiar Katynia
100%
Różyckiego
100%
Siewna
100%
Siewna Wiadukt
100%
Żabiniec
100%
Żmujdzka
100%
Aleja 29 Listopada Wiadukt
50%
Banacha
50%
Bronowice Wielkie
50%
Clepardia
50%
Czerwieńskiego
50%
Dożynkowa
50%
Fiszera
50%
Glogera Granica Miasta
50%
Gnieźnieńska
50%
Górnickiego
50%
Gospodarska
50%
Jabłonna
50%
Jasnogórska
50%
Ks. Meiera
50%
Mackiewicza
50%
Makowskiego
50%
Natansona
50%
Ojcowska
50%
Ojcowska Dworek
50%
Ojcowska Wągroda
50%
Os. Gotyk
50%
Os. Marszowiec
50%
Piaskowa
50%
Piaszczysta
50%
Pielęgniarek
50%
Poziomkowa
50%
Radzikowskiego Osiedle
50%
Sosabowskiego
50%
Stachiewicza
50%
Starego Wiarusa
50%
Stawowa
50%
Szpital J.P. II
50%
Tonie
50%
Tonie Gliniki
50%
Tonie Kąty
50%
Vetulaniego
50%
Witkowice
50%
Witkowice Nowe
50%
Witkowicka
50%
Władysława Łokietka
50%
Wyki
50%
Zawodzie
50%
Chabrowa
0%
Gaik
0%
Jordanowska
0%
Krowodrza Urzędy Skarbowe
0%
Na Budzyniu
0%
Pękowicka
0%
Reja
0%
Skrajna
0%
Tonie Skrzyżowanie
0%
Wybickiego
0%
Nie znaleziono quizów pasujących do podanych kryteriów
Rozkład punktacji
Procent ludzi z każdym wynikiem
Percentyl według liczby udzielonych odpowiedzi
Twoja historia wyników
Nie rozwiązałeś tego quizu